000 00368nam a2200133Ia 4500
008 240624s9999 xx 000 0 und d
041 _aeng
082 _a658.4038 EIR
100 _aEIRAS JOSE CARLOS
245 _aPRACTICAL CIO A COMMON SENSE GUIDE FOR S
260 _c2010
_aNew Jersey
_bJohn Wiley and Sons
300 _axxvii, : 239 : p. : cm. ; 23
365 _c
_b30
999 _c14904
_d14904